Chicken soup for the soul : (Record no. 37106)
[ view plain ]
| 000 -LEADER | |
|---|---|
| fixed length control field | 01366nam a22002777a 4500 |
| 005 - DATE AND TIME OF LATEST TRANSACTION | |
| control field | 20100720122745.0 |
| 008 - FIXED-LENGTH DATA ELEMENTS--GENERAL INFORMATION | |
| fixed length control field | 100720t xxu||||| |||| 00| 0 eng d |
| 010 ## - LCCN (DPL NO) | |
| LC control number | ENG -96430 |
| 020 ## - INTERNATIONAL STANDARD BOOK NUMBER | |
| International Standard Book Number | 9789380283289 |
| Terms of availability | 295.00 |
| 035 ## - SYSTEM CONTROL NUMBER | |
| System control number | EN -79963 |
| 037 ## - SOURCE OF ACQUISITION | |
| Source of stock number/acquisition | Westland |
| 040 ## - CATALOGING SOURCE | |
| Original cataloging agency | dpl |
| Language of cataloging | English |
| 082 ## - DEWEY DECIMAL CLASSIFICATION NUMBER | |
| Classification number | 158.12 |
| 100 ## - MAIN ENTRY--PERSONAL NAME | |
| Personal name | Canfield, Jack |
| 245 ## - TITLE STATEMENT | |
| Title | Chicken soup for the soul : |
| Remainder of title | Indian women : 101 stories to open the hearts and rekindle the spirits of women / |
| Statement of responsibility, etc | by Jack Canfield , Mark Victor Hansen [and] Reema Moudgil |
| 246 ## - VARYING FORM OF TITLE | |
| Title proper/short title | Indian women |
| Remainder of title | 101 stories to open the hearts and rekindle the spirits of women |
| 260 ## - PUBLICATION, DISTRIBUTION, ETC. (IMPRINT) | |
| Place of publication, distribution, etc | New Delhi |
| Name of publisher, distributor, etc | Westland |
| Date of publication, distribution, etc | 2010 |
| 270 ## - ADDRESS | |
| Address | 47, Brij Mohan Road, Daryaganj, |
| City | New Delhi |
| Postal code | 110002 |
| 300 ## - PHYSICAL DESCRIPTION | |
| Extent | xii, 358 p. |
| Dimensions | 22 cm (pbk) |
| 520 ## - SUMMARY, ETC. | |
| Summary, etc | Collects stories from boys and girls between the ages of nine and thirteen, discussing such topics as friendship, embarrassing situations, family life, popularity, and making a difference. |
| 700 ## - ADDED ENTRY--PERSONAL NAME | |
| Personal name | Hansen, Mark Victor |
| 9 (RLIN) | 865 |
| 700 ## - ADDED ENTRY--PERSONAL NAME | |
| Personal name | Moudgil, Reema |
| 9 (RLIN) | 3632 |
| 942 ## - ADDED ENTRY ELEMENTS (KOHA) | |
| Source of classification or shelving scheme | Dewey Decimal Classification |
| Item type | Children Books |
| Call number suffix | CAN |
| Classification part | 158.12 |
| Withdrawn status | Lost status | Source of classification or shelving scheme | Damaged status | Not for loan | Collection code | Home library | Current library | Date acquired | Source of acquisition | Cost, normal purchase price | Total Checkouts | Full call number | Barcode | Date last seen | Copy number | Cost, replacement price | Koha item type |
|---|---|---|---|---|---|---|---|---|---|---|---|---|---|---|---|---|---|
| Dewey Decimal Classification | Not For Loan | Non-fiction | D.B.Act.Division | D.B.Act.Division | 20/07/2010 | DBAD/PUB | 295.00 | 158.12 CAN | EN-79963 | 20/07/2010 | 1 | 295.00 | English Books |
